Národní výbory /

Hlavní autor: Balík, Hubert
Korporativní autor: Vysoká škola politická ÚV KSČ
Jazyk: Čeština
Vydáno: [Praha] : Vysoká škola politická ÚV KSČ, 1983
Edice: Učební texty vysokých škol / Vysoká škola politická ÚV KSČ
Fyzický popis: 241 s.
Knihy
Uloženo v:
LEADER 00897nam a2200229 a 4500
001 000590001
003 CZ BrMZK
005 20180905071136.0
007 ta
008 020312s1983 xr f cze d
040 |a BOA001  |b cze  |c BOA001 
100 1 |a Balík, Hubert  |7 jk01010688  |4 aut 
245 1 0 |a Národní výbory /  |c Hubert Balík 
260 |a [Praha] :  |b Vysoká škola politická ÚV KSČ,  |c 1983 
300 |a 241 s. 
490 1 |a Učební texty vysokých škol / Vysoká škola politická ÚV KSČ 
710 2 |a Vysoká škola politická ÚV KSČ  |7 kn20010710075 
810 2 |a Vysoká škola politická ÚV KSČ.  |t Učební texty vysokých škol 
910 |a BOA001  |b 2-0868.319 
990 |a BK 
996 7 |b 2619369780  |c 2-0868.319  |l MZK  |r Sklad / do 1 hodiny  |n 5  |w 000590001  |u 000020  |a 1  |e BOA001  |j MZK50  |s A 
996 6 |b 2619369781  |c 2-0868.319  |l MZK  |r Sklad / do 1 hodiny  |n 2  |w 000590001  |u 000010  |a 1  |e BOA001  |j MZK50  |s P